000 00768nas a2200205 a 4500
005 20170612122945.0
008 170612s1986 bl u||||r|||| 00| 0 por d
040 _aCO-BoIAVH
_cCO-BoIAVH
041 0 _apor
044 _abl
090 _aSE-
245 0 0 _aCaderno ômega da Universidade Federal Rural de Pernambuco :
_bSérie agronomia
260 _aRecife (Brasil) :
_bPró-reitoria de Pesquisa e Pós graduacao da Universidade Federal Rural de Pernanmbuco,
_c1985.
300 _bilsutraciones y gráficas ;
_c22 x 16 cm.
310 _az
650 2 6 _aAgronomía
_zBrasil
_vPublicaciones periódicas
650 2 6 _aAgricultura
_zBrasil
_vPublicaciones periódicas
710 2 _aUniversidade Federal Rural de Pernambuco
942 _2z
_cREVISTA
999 _c19622
_d19622